Al pie de la letra E : grande de España.
Gespeichert in:
| Format: | Unbekannt |
|---|---|
| Sprache: | Spanish |
| Schlagworte: | |
| Tags: |
Tag hinzufügen
Keine Tags, Fügen Sie den ersten Tag hinzu!
|
MARC
| LEADER | 000000000a22000000004500 | ||
|---|---|---|---|
| 001 | 002248 | ||
| 041 | 0 | |a spa | |
| 245 | 0 | 0 | |a Al pie de la letra E : |b grande de España. |
| 310 | |a trimestral | ||
| 650 | 4 | |a GRANDE, FELIX | |
| 650 | 4 | |a POESIA CUBANA | |
| 773 | 0 | |x 008-7157 |d Cuba : Editorial Casa de las Américas |t Casa de las Américas |g número 51-52 (1968-1969), página 268 | |
| 942 | |c ARC | ||
| 999 | |c 9798 |d 9798 | ||
